000 00333pab a2200145 454500
008 180718b1989 xxu||||| |||| 00| 0 eng d
100 _aPandey, H.K.
245 _aMunicipal health services
260 _c1989
300 _a47-8
362 _aJul.
650 _aHealth Services - India
773 _aCivic Affairs
909 _a10085
999 _c10085
_d10085